000
00455nam a2200181Ia 4500
008
100917s9999 xx 000 0 und d
082
_b
31039
100
_a
घाटे निरंजन
245
_a
आक्रमण
260
_b
मनोहर प्रकाशन
_c
1976
300
_a
79
365
_b
5
520
_a
कथा
630
_a
आक्रमण
650
_a
कथा
730
_a
आक्रमण
942
_c
BOOK
999
_c
636433
_d
636430